[Event "HUN-chT2 Maroczy 0708"]
[Site "Hungary"]
[Date "2007.11.25"]
[Round "3"]
[White "Kolus, Lajos"]
[Black "Tokovic, Svetozar"]
[Result "0-1"]
[WhiteElo "2219"]
[BlackElo "2268"]
[PlyCount "52"]
[EventDate "2007.10.14"]
[EventType "team"]
[EventRounds "11"]
[EventCountry "HUN"]
[SourceTitle "EXT 2009"]
[Source "ChessBase"]
[SourceDate "2008.11.26"]
[SourceVersion "1"]
[SourceVersionDate "2008.11.26"]
[SourceQuality "1"]
[WhiteTeam "Penzugyor"]
[BlackTeam "Koszolg"]
[WhiteTeamCountry "HUN"]
[BlackTeamCountry "HUN"]

1. Nf3 c5 2. g3 d5 3. Bg2 Nf6 4. d3 Nc6 5. c3 e6 6. 0-0 Qc7 7. Qc2 Be7 8. e4 0-0 9. Re1 b5 10. Nbd2 Bb7 11. Nf1 Rac8 12. e5 Nd7 13. Bf4 d4 14. h4 Rfd8 15. N1h2 Nb6 16. Bg5 c4 17. Rad1 dxc3 18. bxc3 cxd3 19. Rxd3 h6 20. Ng4 hxg5 21. hxg5 Nb4 22. Rxd8+ Rxd8 23. Qb1 Qxc3 24. Nf6+ Bxf6 25. gxf6 Bxf3 26. Re3 Qxe3 0-1

[Event "HUN-chT2 Maroczy 0708"]
[Site "Hungary"]
[Date "2007.10.14"]
[Round "1"]
[White "Barta, Zoltan"]
[Black "Kolus, Lajos"]
[Result "1/2-1/2"]
[WhiteElo "2105"]
[BlackElo "2219"]
[PlyCount "42"]
[EventDate "2007.10.14"]
[EventType "team"]
[EventRounds "11"]
[EventCountry "HUN"]
[SourceTitle "EXT 2009"]
[Source "ChessBase"]
[SourceDate "2008.11.26"]
[SourceVersion "1"]
[SourceVersionDate "2008.11.26"]
[SourceQuality "1"]
[WhiteTeam "Fuzesabony"]
[BlackTeam "Penzugyor"]
[WhiteTeamCountry "HUN"]
[BlackTeamCountry "HUN"]

1. d4 Nf6 2. c4 c5 3. Nf3 g6 4. Nc3 cxd4 5. Nxd4 Bg7 6. e4 d6 7. Be2 0-0 8. 0-0 Nc6 9. Be3 Bd7 10. Rc1 a6 11. f3 Rc8 12. Qd2 Re8 13. Rfd1 Qa5 14. a3 Nxd4 15. Bxd4 Qh5 16. Be3 Be6 17. Nd5 Nd7 18. Nf4 Qe5 19. Nd3 Qf6 20. Bg5 Qd4+ 21. Be3 Qf6 1/2-1/2

[Event "HUN-chT2 Charousek 0607"]
[Site "Hungary"]
[Date "2007.05.20"]
[Round "11"]
[White "Kolus, Lajos"]
[Black "Frank, Jozsef1111"]
[Result "1-0"]
[WhiteElo "2196"]
[BlackElo "2170"]
[PlyCount "45"]
[EventDate "2006.11.12"]
[EventType "team"]
[EventRounds "11"]
[EventCountry "HUN"]
[SourceTitle "EXT 2008"]
[Source "ChessBase"]
[SourceDate "2007.11.25"]
[SourceVersion "1"]
[SourceVersionDate "2007.11.25"]
[SourceQuality "1"]
[WhiteTeam "Penzugyor"]
[BlackTeam "Gyor Elektromos"]
[WhiteTeamCountry "HUN"]
[BlackTeamCountry "HUN"]

1. Nf3 Nf6 2. g3 d5 3. Bg2 c5 4. d3 Nc6 5. Nbd2 e5 6. e4 dxe4 7. dxe4 Be7 8. 0-0 0-0 9. c3 Bg4 10. h3 Bh5 11. Qc2 b5 12. Re1 c4 13. Bf1 Qb6 14. Nh4 Bc5 15. Ndf3 Rfd8 16. Be3 Rd7 17. g4 Bxe3 18. Rxe3 Bg6 19. Nxg6 hxg6 20. a4 Rb8 21. axb5 Qxb5 22. Ra4 Na5 23. Rb4 1-0

[Event "HUN-chT2 Charousek 0607"]
[Site "Hungary"]
[Date "2007.04.29"]
[Round "9"]
[White "Kolus, Lajos"]
[Black "Adzic, Slobodan"]
[Result "1-0"]
[WhiteElo "2196"]
[BlackElo "2184"]
[PlyCount "107"]
[EventDate "2006.11.12"]
[EventType "team"]
[EventRounds "11"]
[EventCountry "HUN"]
[SourceTitle "EXT 2008"]
[Source "ChessBase"]
[SourceDate "2007.11.25"]
[SourceVersion "1"]
[SourceVersionDate "2007.11.25"]
[SourceQuality "1"]
[WhiteTeam "Penzugyor"]
[BlackTeam "Decs"]
[WhiteTeamCountry "HUN"]
[BlackTeamCountry "HUN"]

1. Nf3 Nf6 2. c4 g6 3. Nc3 Bg7 4. g3 0-0 5. Bg2 d6 6. 0-0 Nc6 7. Rb1 e5 8. d3 h6 9. b4 Be6 10. e4 Qd7 11. Nd5 Kh7 12. b5 Nd8 13. a4 Nh5 14. Nh4 c6 15. Ne3 Bf6 16. Nhf5 Bg5 17. h4 Bxe3 18. Bxe3 Bxf5 19. exf5 Nf6 20. fxg6+ fxg6 21. Qd2 h5 22. d4 e4 23. Bg5 d5 24. f3 Ne6 25. Bxf6 Rxf6 26. fxe4 Rxf1+ 27. Rxf1 dxc4 28. d5 cxb5 29. axb5 Rf8 30. Rxf8 Nxf8 31. e5 Qxb5 32. e6 Nxe6 33. dxe6 Qb6+ 34. Kh2 Qxe6 35. Bxb7 Qf6 36. Be4 c3 37. Qd7+ Qg7 38. Qd5 Kh8 39. Kg2 Qc7 40. Qd3 Kg7 41. Bxg6 a5 42. Be4 Kf6 43. Qf3+ Ke7 44. Qxh5 Qc4 45. Qe5+ Kf8 46. Qf6+ Kg8 47. Qf5 Qb4 48. Qg6+ Kf8 49. Qf6+ Kg8 50. Bd5+ Kh7 51. Qe6 Qb2+ 52. Kh3 Qd2 53. Qf7+ Kh6 54. Be4 1-0

[Event "HUN-chT2 Charousek 0607"]
[Site "Hungary"]
[Date "2007.02.18"]
[Round "5"]
[White "Kolus, Lajos"]
[Black "Ragats, Jozsef"]
[Result "1/2-1/2"]
[WhiteElo "2196"]
[BlackElo "2178"]
[PlyCount "89"]
[EventDate "2006.11.12"]
[EventType "team"]
[EventRounds "11"]
[EventCountry "HUN"]
[SourceTitle "EXT 2008"]
[Source "ChessBase"]
[SourceDate "2007.11.25"]
[SourceVersion "1"]
[SourceVersionDate "2007.11.25"]
[SourceQuality "1"]
[WhiteTeam "Penzugyor"]
[BlackTeam "Nagykanizsa II"]
[WhiteTeamCountry "HUN"]
[BlackTeamCountry "HUN"]

1. Nf3 Nf6 2. g3 d5 3. Bg2 c5 4. d4 Nc6 5. 0-0 Bf5 6. c3 e6 7. Nbd2 cxd4 8. Nxd4 Nxd4 9. cxd4 Bd6 10. Qa4+ Qd7 11. Qxd7+ Kxd7 12. f3 Bg6 13. e4 Be7 14. e5 Ne8 15. Nb3 b6 16. f4 Nc7 17. Bd2 a5 18. Rac1 a4 19. Na1 Rhc8 20. g4 Bd3 21. Rfe1 Nb5 22. Be3 Rxc1 23. Rxc1 Rc8 24. Rxc8 Kxc8 25. a3 Nxa3 26. bxa3 Bxa3 27. Bf1 Be4 28. Bb5 Bb2 29. Bxa4 Bxa1 30. Be8 f5 31. exf6 gxf6 32. h4 Kd8 33. Bb5 Ke7 34. Kf2 Bc3 35. h5 Kf7 36. g5 fxg5 37. fxg5 Bc2 38. Kg3 e5 39. dxe5 Bxe5+ 40. Bf4 Bc3 41. Bc7 Bd4 42. Kf4 Bg1 43. Bd8 Bc5 44. Bc7 Bg1 45. Bd8 1/2-1/2

[Event "HUN-chT2 Maroczy 0506"]
[Site "Hungary"]
[Date "2005.12.04"]
[Round "5"]
[White "Kolus, Lajos"]
[Black "Hetenyi, Geza"]
[Result "1/2-1/2"]
[WhiteElo "2192"]
[BlackElo "2225"]
[PlyCount "118"]
[EventDate "2005.10.16"]
[EventType "team"]
[EventRounds "11"]
[EventCountry "HUN"]
[SourceTitle "EXT 2009"]
[Source "ChessBase"]
[SourceDate "2008.11.26"]
[SourceVersion "1"]
[SourceVersionDate "2008.11.26"]
[SourceQuality "1"]
[WhiteTeam "Penzugyor"]
[BlackTeam "Dunaharaszti"]
[WhiteTeamCountry "HUN"]
[BlackTeamCountry "HUN"]

1. Nf3 Nf6 2. g3 b6 3. Bg2 Bb7 4. d4 e6 5. 0-0 Be7 6. c4 0-0 7. Nc3 Ne4 8. Qc2 Nxc3 9. Qxc3 Be4 10. Ne1 Bxg2 11. Nxg2 c5 12. d5 exd5 13. cxd5 d6 14. Qd3 Nd7 15. Rb1 a6 16. f4 b5 17. e4 Re8 18. Qf3 Bf6 19. g4 Bd4+ 20. Kh1 Nf6 21. Re1 Qe7 22. e5 dxe5 23. fxe5 Bxe5 24. g5 Nd7 25. Be3 Qd6 26. Bg1 Nb6 27. Rbd1 Bxb2 28. Nf4 Nc4 29. Nd3 Bd4 30. Bf2 Bxf2 31. Nxf2 Qg6 32. d6 Nxd6 33. Rxe8+ Rxe8 34. Qc6 Qxg5 35. Qxd6 h5 36. Rg1 Qf5 37. Qd2 Qf3+ 38. Rg2 Re2 39. Qd8+ Kh7 40. Qd3+ Qxd3 41. Nxd3 Rxg2 42. Kxg2 c4 43. Nb4 a5 44. Nc6 a4 45. Kf3 g5 46. a3 f5 47. Nd4 c3 48. Ke2 g4 49. Nxb5 c2 50. Kd2 h4 51. Nd4 c1Q+ 52. Kxc1 Kg6 53. Kd2 h3 54. Ne2 Kf6 55. Ke3 Ke5 56. Nf4 Kd6 57. Kd4 g3 58. Nxh3 gxh2 59. Nf2 f4 1/2-1/2

[Event "HUN-chT2 Maroczy 0506"]
[Site "Hungary"]
[Date "2005.11.27"]
[Round "4"]
[White "Kovacs, Istvan2222"]
[Black "Kolus, Lajos"]
[Result "0-1"]
[WhiteElo "2098"]
[BlackElo "2192"]
[PlyCount "67"]
[EventDate "2005.10.16"]
[EventType "team"]
[EventRounds "11"]
[EventCountry "HUN"]
[SourceTitle "EXT 2009"]
[Source "ChessBase"]
[SourceDate "2008.11.26"]
[SourceVersion "1"]
[SourceVersionDate "2008.11.26"]
[SourceQuality "1"]
[WhiteTeam "Teva"]
[BlackTeam "Penzugyor"]
[WhiteTeamCountry "HUN"]
[BlackTeamCountry "HUN"]

1. Nf3 Nf6 2. g3 d6 3. c4 g6 4. Nc3 Bg7 5. Bg2 0-0 6. 0-0 c5 7. d4 Na6 8. Re1 cxd4 9. Nxd4 Nc5 10. b3 a6 11. Bb2 Rb8 12. Rc1 Re8 13. e4 e5 14. Nc2 b5 15. cxb5 axb5 16. Nb4 Qd7 17. Qd2 Bb7 18. Ncd5 Rbd8 19. Nxf6+ Bxf6 20. Nd5 Bg7 21. b4 Bxd5 22. bxc5 Bc4 23. Red1 Bxa2 24. Bxe5 Bxe5 25. Qxa2 b4 26. cxd6 Bxd6 27. Rd5 Qe7 28. Qc4 Be5 29. Rcd1 Rc8 30. Qb5 Rb8 31. Qc4 b3 32. Bh3 b2 33. Rb1 Qb4 34. Qc6 0-1

[Event "HUN-chT2 Erkel 0405"]
[Site "Hungary"]
[Date "2005.02.20"]
[Round "8"]
[White "Csoke, Krisztian"]
[Black "Kolus, Lajos"]
[Result "1-0"]
[WhiteElo "2243"]
[BlackElo "2241"]
[PlyCount "85"]
[EventDate "2004.09.26"]
[EventType "team"]
[EventRounds "11"]
[EventCountry "HUN"]
[SourceTitle "EXT 2009"]
[Source "ChessBase"]
[SourceDate "2008.11.26"]
[SourceVersion "1"]
[SourceVersionDate "2008.11.26"]
[SourceQuality "1"]
[WhiteTeam "Metroepszolg"]
[BlackTeam "Karpati"]
[WhiteTeamCountry "HUN"]
[BlackTeamCountry "HUN"]

1. e4 d6 2. d4 Nf6 3. Nc3 g6 4. f4 Bg7 5. Nf3 0-0 6. Bd3 Na6 7. 0-0 c5 8. d5 Rb8 9. Qe1 Nb4 10. a3 Nxd3 11. cxd3 e6 12. dxe6 fxe6 13. Kh1 Nh5 14. Ng5 h6 15. g4 Nxf4 16. Rxf4 hxg5 17. Rxf8+ Qxf8 18. Kg2 Qe7 19. Qe3 Bf6 20. Bd2 b5 21. b4 Bd7 22. Rf1 Bd4 23. Qg3 Be5 24. Qe1 Bc6 25. Qc1 cxb4 26. axb4 Rc8 27. Qe1 d5 28. exd5 exd5 29. d4 Bf6 30. Qf2 Rf8 31. Re1 Qf7 32. h3 Kg7 33. Ne2 Bd7 34. Qf3 Be6 35. Qd3 a6 36. Ra1 Bc8 37. Rc1 Re8 38. Rc6 Kh7 39. Rc2 Qe7 40. Ng3 Qg7 41. Nh5 Qf8 42. Rc7+ Kh6 43. Nxf6 1-0

[Event "HUN-chT2 Erkel 0405"]
[Site "Hungary"]
[Date "2004.10.10"]
[Round "2"]
[White "Nogrady, Vilmos"]
[Black "Kolus, Lajos"]
[Result "1-0"]
[WhiteElo "2257"]
[BlackElo "2241"]
[PlyCount "75"]
[EventDate "2004.09.26"]
[EventType "team"]
[EventRounds "11"]
[EventCountry "HUN"]
[SourceTitle "EXT 2009"]
[Source "ChessBase"]
[SourceDate "2008.11.26"]
[SourceVersion "1"]
[SourceVersionDate "2008.11.26"]
[SourceQuality "1"]
[WhiteTeam "Foti"]
[BlackTeam "Karpati"]
[WhiteTeamCountry "HUN"]
[BlackTeamCountry "HUN"]

1. e4 g6 2. d4 Bg7 3. Nf3 d6 4. Nc3 Nf6 5. Be2 c6 6. a4 a5 7. 0-0 0-0 8. h3 Qc7 9. Bf4 Nh5 10. Be3 Nd7 11. Qd2 e5 12. Rfd1 Nhf6 13. Bc4 Nxe4 14. Nxe4 d5 15. Bb3 dxe4 16. Ng5 exd4 17. Bxd4 Bxd4 18. Qxd4 Qe5 19. Nxe4 Kg7 20. f4 Qxd4+ 21. Rxd4 f5 22. Ng5 Nc5 23. Re1 Nxb3 24. cxb3 h6 25. Nf3 b5 26. Re7+ Rf7 27. Rxf7+ Kxf7 28. Ne5+ Ke6 29. Nxc6 bxa4 30. bxa4 Bd7 31. Ne5 Be8 32. b3 Rb8 33. Rd3 g5 34. Nc4 gxf4 35. Nxa5 Ke5 36. Rd2 Ke4 37. Kf2 Bf7 38. Nc6 1-0

[Event "HUN-chT2 Breyer 0304"]
[Site "Hungary"]
[Date "2004.04.18"]
[Round "11"]
[White "Kolus, Lajos"]
[Black "Csoli, Odon"]
[Result "1-0"]
[WhiteElo "2195"]
[BlackElo "2159"]
[PlyCount "81"]
[EventDate "2003.09.28"]
[EventType "team"]
[EventRounds "11"]
[EventCountry "HUN"]
[SourceTitle "EXT 2009"]
[Source "ChessBase"]
[SourceDate "2008.11.26"]
[SourceVersion "1"]
[SourceVersionDate "2008.11.26"]
[SourceQuality "1"]
[WhiteTeam "Karpati"]
[BlackTeam "Vertesi Eromu"]
[WhiteTeamCountry "HUN"]
[BlackTeamCountry "HUN"]

1. Nf3 f5 2. g3 Nf6 3. Bg2 g6 4. 0-0 Bg7 5. c4 0-0 6. Nc3 d6 7. d4 Qe8 8. b3 a5 9. Bb2 Na6 10. Re1 c6 11. a3 Bd7 12. d5 c5 13. Rb1 h6 14. Na4 Qd8 15. Nd2 Rb8 16. e4 b5 17. cxb5 Bxb5 18. exf5 Bd3 19. Rc1 gxf5 20. Re3 Bb5 21. Nc3 Ng4 22. Qc2 Nxe3 23. fxe3 Qb6 24. Nxb5 Bxb2 25. Qxb2 Qxb5 26. Bf1 Qb6 27. Rc4 Nc7 28. Rh4 Rf6 29. Bc4 a4 30. e4 Kh7 31. exf5 Rbf8 32. g4 Qa5 33. g5 Rg8 34. Nf3 Qa8 35. Kf2 Ne8 36. gxf6 Nxf6 37. h3 axb3 38. Qd2 Qf8 39. Bd3 Qg7 40. Kf1 Qf8 41. Ng5+ 1-0

[Event "HUN-chT2 Breyer 0304"]
[Site "Hungary"]
[Date "2003.11.30"]
[Round "4"]
[White "Kiss, Zoltan"]
[Black "Kolus, Lajos"]
[Result "1/2-1/2"]
[WhiteElo "2235"]
[BlackElo "2195"]
[PlyCount "149"]
[EventDate "2003.09.28"]
[EventType "team"]
[EventRounds "11"]
[EventCountry "HUN"]
[SourceTitle "EXT 2009"]
[Source "ChessBase"]
[SourceDate "2008.11.26"]
[SourceVersion "1"]
[SourceVersionDate "2008.11.26"]
[SourceQuality "1"]
[WhiteTeam "Pet"]
[BlackTeam "Karpati"]
[WhiteTeamCountry "HUN"]
[BlackTeamCountry "HUN"]

1. e4 g6 2. d4 Bg7 3. Bc4 d6 4. Qf3 e6 5. Ne2 Nd7 6. Nbc3 a6 7. a4 Ne7 8. a5 0-0 9. h4 b5 10. axb6 Nxb6 11. Bd3 h5 12. Be3 e5 13. dxe5 dxe5 14. 0-0-0 Qe8 15. Bc5 Be6 16. Qe3 Nd7 17. Ba3 Kh7 18. f4 Bh6 19. g3 Bg4 20. Rd2 f6 21. Rhd1 exf4 22. gxf4 Ne5 23. Qc5 Nxd3+ 24. Rxd3 Rf7 25. Rf1 Nc6 26. Ng3 Ne5 27. Re3 Bf8 28. Qd4 Rd8 29. Qa4 Qxa4 30. Nxa4 Nc4 31. Rd3 Rxd3 32. cxd3 Nxa3 33. bxa3 Bxa3+ 34. Kc2 Bd6 35. Nc3 Rf8 36. d4 a5 37. e5 Bb4 38. Nd5 fxe5 39. dxe5 Be6 40. Nf6+ Kg7 41. f5 Bf7 42. Nd7 Rd8 43. e6 gxf5 44. Nxf5+ Kh8 45. exf7 Rxd7 46. Ne7 Bxe7 47. f8Q+ Bxf8 48. Rxf8+ Kg7 49. Ra8 Kg6 50. Rxa5 Kh6 51. Rb5 Rd4 52. Rc5 Rxh4 53. Kd3 Rf4 54. Rxc7 h4 55. Re7 Kh5 56. Ke3 Rf8 57. Rg7 h3 58. Rg3 Kh4 59. Rf3 Rg8 60. Kf2 Rg2+ 61. Kf1 Rg5 62. Kf2 Rg2+ 63. Kf1 Rg6 64. Kf2 h2 65. Rf8 h1N+ 66. Kf3 Ng3 67. Rf4+ Kh3 68. Rf8 Nh5 69. Rf5 Kh4 70. Rb5 Rg3+ 71. Kf2 Nf4 72. Rb8 Nh3+ 73. Ke2 Kg4 74. Rg8+ Ng5 75. Kf2 1/2-1/2

[Event "HUN-chT2 Breyer 0304"]
[Site "Hungary"]
[Date "2003.11.16"]
[Round "3"]
[White "Balvanyos, Istvan"]
[Black "Kolus, Lajos"]
[Result "0-1"]
[WhiteElo "2096"]
[BlackElo "2195"]
[PlyCount "80"]
[EventDate "2003.09.28"]
[EventType "team"]
[EventRounds "11"]
[EventCountry "HUN"]
[SourceTitle "EXT 2009"]
[Source "ChessBase"]
[SourceDate "2008.11.26"]
[SourceVersion "1"]
[SourceVersionDate "2008.11.26"]
[SourceQuality "1"]
[WhiteTeam "Turul"]
[BlackTeam "Karpati"]
[WhiteTeamCountry "HUN"]
[BlackTeamCountry "HUN"]

1. Nf3 Nf6 2. c4 g6 3. b3 Bg7 4. Bb2 d6 5. g3 0-0 6. Bg2 c6 7. 0-0 e5 8. d3 Nbd7 9. Qc2 Re8 10. Nc3 Nh5 11. e4 Nc5 12. b4 Ne6 13. a4 Nd4 14. Nxd4 exd4 15. Ne2 c5 16. Ba3 Qc7 17. Rab1 Rb8 18. a5 b6 19. axb6 axb6 20. bxc5 bxc5 21. Rxb8 Qxb8 22. Rb1 Qa7 23. Bc1 f5 24. Bf4 fxe4 25. Bxe4 Nf6 26. Bc6 Bd7 27. Bxd7 Qxd7 28. f3 Qe6 29. Re1 Nh5 30. Bc1 Qd7 31. Kg2 Qc6 32. Qd1 Rf8 33. Nf4 Nxf4+ 34. Bxf4 Ra8 35. Qe2 Qd7 36. Qe6+ Qxe6 37. Rxe6 Bf8 38. Re2 Ra7 39. Rd2 Kf7 40. g4 Ke6 0-1

[Event "HUN-chT2 Breyer 0304"]
[Site "Hungary"]
[Date "2003.10.05"]
[Round "2"]
[White "Kolus, Lajos"]
[Black "Blaho, Stefan"]
[Result "0-1"]
[WhiteElo "2195"]
[BlackElo "2174"]
[PlyCount "76"]
[EventDate "2003.09.28"]
[EventType "team"]
[EventRounds "11"]
[EventCountry "HUN"]
[SourceTitle "EXT 2009"]
[Source "ChessBase"]
[SourceDate "2008.11.26"]
[SourceVersion "1"]
[SourceVersionDate "2008.11.26"]
[SourceQuality "1"]
[WhiteTeam "Karpati"]
[BlackTeam "Komarom"]
[WhiteTeamCountry "HUN"]
[BlackTeamCountry "HUN"]

1. Nf3 Nf6 2. g3 d5 3. Bg2 c5 4. b3 g6 5. Bb2 Bg7 6. 0-0 Nc6 7. d3 0-0 8. Nbd2 Qc7 9. e3 e5 10. a3 h6 11. h3 Be6 12. Qe2 Rae8 13. c4 Re7 14. Rac1 b6 15. cxd5 Nxd5 16. e4 Nf6 17. b4 Nd7 18. Qd1 Qb7 19. b5 Nd4 20. Nxd4 cxd4 21. a4 Qc8 22. Ba3 Nc5 23. Kh2 Rc7 24. Nc4 Bxc4 25. dxc4 Ne6 26. f4 exf4 27. gxf4 Nxf4 28. Bd6 Nxg2 29. Kxg2 Rxc4 30. e5 Qb7+ 31. Kg1 Qe4 32. Qe1 d3 33. Qxe4 Rxe4 34. Rcd1 Bxe5 35. Bxe5 Rxe5 36. Rxd3 Re4 37. Ra3 Re2 38. a5 Rb2 0-1

[Event "HUN-chT2 Erkel 0203"]
[Site "Hungary"]
[Date "2002.11.24"]
[Round "3"]
[White "Kolus, Lajos"]
[Black "Schrancz, Istvan"]
[Result "1/2-1/2"]
[WhiteElo "2209"]
[BlackElo "2278"]
[PlyCount "25"]
[EventDate "2002.09.22"]
[EventType "team"]
[EventRounds "11"]
[EventCountry "HUN"]
[SourceTitle "EXT 2009"]
[Source "ChessBase"]
[SourceDate "2008.11.26"]
[SourceVersion "1"]
[SourceVersionDate "2008.11.26"]
[SourceQuality "1"]

1. Nf3 Nf6 2. g3 g6 3. Bg2 Bg7 4. 0-0 0-0 5. d4 d5 6. c4 c6 7. cxd5 cxd5 8. Nc3 Nc6 9. Bf4 Ne4 10. Rc1 Nxc3 11. Rxc3 f6 12. Qb3 Kh8 13. Rc5 1/2-1/2

[Event "Budapest Spring op 18th"]
[Site "Budapest"]
[Date "2002.03.16"]
[Round "2"]
[White "Kolus, Lajos"]
[Black "Csom, Etelka"]
[Result "1/2-1/2"]
[WhiteElo "2200"]
[BlackElo "2134"]
[PlyCount "90"]
[EventDate "2002.03.15"]
[EventType "swiss"]
[EventRounds "9"]
[EventCountry "HUN"]
[SourceTitle "CBM 087 Extra"]
[Source "ChessBase"]
[SourceDate "2002.05.03"]
[SourceVersion "2"]
[SourceVersionDate "2002.08.09"]
[SourceQuality "1"]

1. Nf3 d5 2. g3 Nf6 3. Bg2 Bf5 4. d3 h6 5. 0-0 e6 6. c4 c6 7. b3 Be7 8. Bb2 0-0 9. Nbd2 Nbd7 10. Qc2 Bh7 11. Rac1 a5 12. a3 Qb6 13. Qb1 Rfe8 14. Qa1 Bf8 15. d4 Ne4 16. e3 Ndf6 17. Nxe4 Nxe4 18. Qa2 Be7 19. Rfd1 Rad8 20. c5 Qc7 21. b4 axb4 22. axb4 Ra8 23. Qb3 b5 24. Ra1 Qb7 25. Bc3 Rxa1 26. Rxa1 Ra8 27. Qb2 Rxa1+ 28. Qxa1 Bd8 29. Be1 Bc7 30. h3 Bd8 31. Nh2 Nf6 32. Nf1 Bd3 33. Nd2 Ne4 34. Nf3 Bc7 35. Ne5 Bxe5 36. dxe5 Ng5 37. h4 Nh7 38. Qa5 Nf8 39. Bc3 Nd7 40. f4 g6 41. Bf3 Kg7 42. Kf2 Bf5 43. Be2 h5 44. Bxb5 cxb5 45. Bd4 Qc6 1/2-1/2

[Event "Budapest Spring op 18th"]
[Site "Budapest"]
[Date "2002.03.15"]
[Round "1"]
[White "Kovacs, David1111"]
[Black "Kolus, Lajos"]
[Result "0-1"]
[WhiteElo "2041"]
[BlackElo "2200"]
[PlyCount "69"]
[EventDate "2002.03.15"]
[EventType "swiss"]
[EventRounds "9"]
[EventCountry "HUN"]
[SourceTitle "CBM 087 Extra"]
[Source "ChessBase"]
[SourceDate "2002.05.03"]
[SourceVersion "2"]
[SourceVersionDate "2002.08.09"]
[SourceQuality "1"]

1. e4 d6 2. d4 Nf6 3. Nc3 g6 4. f3 Bg7 5. Be3 c6 6. Qd2 b5 7. 0-0-0 b4 8. Nce2 a5 9. g4 h5 10. gxh5 Rxh5 11. Nf4 Rh8 12. Bd3 Nbd7 13. Qg2 Nf8 14. Nge2 e5 15. dxe5 dxe5 16. Bc4 Qc7 17. Nd3 Be6 18. Bxe6 Nxe6 19. f4 Nd7 20. f5 Nef8 21. fxg6 fxg6 22. h4 Bf6 23. h5 gxh5 24. Ng3 Rg8 25. Rxh5 0-0-0 26. Qh3 Kb8 27. Nf5 c5 28. Nxc5 Nxc5 29. Rxd8+ Bxd8 30. Qf1 Ncd7 31. Qb5+ Qb7 32. Qc4 Rg6 33. Rh8 Bb6 34. Bh6 Bc5 35. Bxf8 0-1

[Event "HUN-chT3 0102"]
[Site "Hungary"]
[Date "2002.03.03"]
[Round "8.2"]
[White "Kolus, Lajos"]
[Black "Barabas, Attila"]
[Result "1-0"]
[WhiteElo "2200"]
[BlackElo "2132"]
[PlyCount "99"]
[EventDate "2001.09.30"]
[EventType "team"]
[EventRounds "11"]
[EventCountry "HUN"]
[SourceTitle "EXT 2004"]
[Source "ChessBase"]
[SourceDate "2003.11.25"]
[SourceVersion "1"]
[SourceVersionDate "2003.11.25"]
[SourceQuality "1"]

1. Nf3 d5 2. g3 c5 3. Bg2 Nc6 4. d3 e5 5. Nbd2 f5 6. e4 dxe4 7. dxe4 fxe4 8. Nxe4 Qxd1+ 9. Kxd1 Bf5 10. Nfd2 0-0-0 11. c3 Kc7 12. Ke2 Nf6 13. h3 h6 14. Re1 Be7 15. Kf1 Rhf8 16. Kg1 b6 17. Nxf6 gxf6 18. Nf3 Be6 19. Nh4 Rh8 20. Ng6 Rh7 21. h4 Bf5 22. h5 Bxg6 23. hxg6 Rg7 24. Be4 Rh8 25. f4 Bf8 26. f5 Rd7 27. Be3 Bg7 28. Kg2 Ne7 29. Rad1 Rhd8 30. Rxd7+ Rxd7 31. Rh1 Ng8 32. c4 Rd8 33. g4 Rd4 34. Kf3 Kd6 35. b3 a6 36. a3 b5 37. Bxd4 exd4 38. Bb7 bxc4 39. bxc4 a5 40. Re1 Ne7 41. Re6+ Kd7 42. Ra6 h5 43. Be4 hxg4+ 44. Kxg4 d3 45. Ra7+ Kd6 46. Bxd3 Bh6 47. Ra6+ Ke5 48. Re6+ Kd4 49. Rxe7 Kxd3 50. Kh5 1-0

[Event "HUN-chT3 0102"]
[Site "Hungary"]
[Date "2001.12.02"]
[Round "4.2"]
[White "Kolus, Lajos"]
[Black "Kovacs, Miklos"]
[Result "1-0"]
[WhiteElo "2200"]
[BlackElo "2166"]
[PlyCount "57"]
[EventDate "2001.09.30"]
[EventType "team"]
[EventRounds "11"]
[EventCountry "HUN"]
[SourceTitle "EXT 2004"]
[Source "ChessBase"]
[SourceDate "2003.11.25"]
[SourceVersion "1"]
[SourceVersionDate "2003.11.25"]
[SourceQuality "1"]

1. c4 e6 2. Nf3 d5 3. g3 Nf6 4. Bg2 Be7 5. 0-0 0-0 6. b3 b6 7. Bb2 Bb7 8. d4 Nbd7 9. Ne5 Ne4 10. Nd2 Nxd2 11. Qxd2 f6 12. Nd3 Bd6 13. Rac1 Qe7 14. Rc2 Rac8 15. Rfc1 c6 16. e4 Rcd8 17. Re1 Qf7 18. exd5 exd5 19. cxd5 cxd5 20. Nf4 Rfe8 21. Rec1 Re7 22. Bc3 Nf8 23. Bb4 Ne6 24. Bxd6 Rxd6 25. Qb4 Red7 26. Nxe6 Rxe6 27. a4 Qe7 28. Qd2 Qd6 29. Bh3 1-0

[Event "HUN-chT3 0102"]
[Site "Hungary"]
[Date "2001.10.14"]
[Round "2.2"]
[White "Kolus, Lajos"]
[Black "Horvath, Csaba2222"]
[Result "1-0"]
[WhiteElo "2200"]
[BlackElo "2179"]
[PlyCount "65"]
[EventDate "2001.09.30"]
[EventType "team"]
[EventRounds "11"]
[EventCountry "HUN"]
[SourceTitle "EXT 2004"]
[Source "ChessBase"]
[SourceDate "2003.11.25"]
[SourceVersion "1"]
[SourceVersionDate "2003.11.25"]
[SourceQuality "1"]

1. Nf3 Nf6 2. c4 e6 3. g3 b6 4. Bg2 Bb7 5. d3 Bb4+ 6. Nbd2 0-0 7. 0-0 a5 8. a3 Be7 9. b3 c5 10. Bb2 d6 11. Qc2 Nc6 12. e3 d5 13. d4 cxd4 14. exd4 Rc8 15. Rac1 dxc4 16. bxc4 b5 17. Qb1 b4 18. a4 Rc7 19. Rfd1 Qa8 20. d5 exd5 21. Bxf6 dxc4 22. Bxe7 Rxe7 23. Rxc4 f5 24. Bf1 Ne5 25. Nxe5 Rxe5 26. Rc7 f4 27. Qb3+ Kh8 28. Rf7 Rg5 29. Rxf8+ Qxf8 30. Bg2 fxg3 31. hxg3 Bxg2 32. Kxg2 Qf5 33. Nf3 1-0

[Event "HUN-chT3 0001"]
[Site "Hungary"]
[Date "2001.04.22"]
[Round "11.3"]
[White "Dencsi, Tibor"]
[Black "Kolus, Lajos"]
[Result "1-0"]
[WhiteElo "2129"]
[BlackElo "2200"]
[PlyCount "71"]
[EventDate "2000.10.29"]
[EventType "team"]
[EventRounds "11"]
[EventCountry "HUN"]
[SourceTitle "EXT 2007"]
[Source "ChessBase"]
[SourceDate "2006.11.23"]
[SourceVersion "1"]
[SourceVersionDate "2006.11.23"]
[SourceQuality "1"]

1. e4 d6 2. d4 Nf6 3. Nc3 g6 4. Be2 Bg7 5. h4 Nc6 6. h5 gxh5 7. Be3 Rg8 8. Bxh5 e5 9. d5 Nd4 10. Bf3 Bd7 11. Bxd4 exd4 12. Qxd4 b5 13. Nge2 a5 14. e5 dxe5 15. Qxe5+ Kf8 16. d6 Ra6 17. dxc7 Qe7 18. c8Q+ Bxc8 19. Qb8 Qe8 20. Qxb5 Qxb5 21. Nxb5 Rb6 22. Nec3 Ne8 23. 0-0-0 Bh6+ 24. Kb1 Rg5 25. Rd8 Ba6 26. Nc7 Re5 27. N3d5 Rg6 28. Bh5 Rxg2 29. Nxe8 Rxe8 30. Rxe8+ Kxe8 31. Nc7+ Ke7 32. Nxa6 Rxf2 33. Nc5 Kf8 34. Nd3 Rf6 35. Ne5 Ke7 36. a3 1-0